| 000 | 00552nam a2200145 4500 | ||
|---|---|---|---|
| 008 | 030825s1970 ilu b 000 0 eng | ||
| 090 |
_aBT77 _bL58d |
||
| 100 | 1 |
_aLewis, Gordon Russell, _d1926- |
|
| 245 | 1 | 0 |
_aDecide for yourself : _ba theological workbook / _c[by] Gordon R. Lewis. |
| 260 |
_aDowners Grove, Illinois : _bInter-Varsity Press, _c1970. |
||
| 300 |
_a174 p. _c21 cm. |
||
| 504 | _aIncludes bibliographical references. | ||
| 650 | 4 |
_aTheology, Doctrinal _xPopular works. |
|
| 951 |
_p4697 _x00005918 _oBT77/L58d-2 _j070613111308375 _d2000-12-21 _cGC |
||
| 999 |
_c16766 _d16766 |
||